| 000 | 00753nam0a22002531 4500 | ||
|---|---|---|---|
| 001 | rc\3312985 | ||
| 005 | 20250609175251.0 | ||
| 021 |
_aRU _b[71-58489] |
||
| 035 | _a(NLR Aleph) 007415506 | ||
| 090 |
_a6860547 _c6860547 |
||
| 100 | _a20130115d1971 |||y0rusy50 ca | ||
| 101 | 0 | _arus | |
| 102 | _aRU | ||
| 105 | _aa z |||a| | ||
| 200 | 1 |
_aПобратимы _e[Рассказы] |
|
| 210 |
_aКишинев _cКартя молдовеняскэ _d1971 |
||
| 215 |
_a202 с. _cил. _d14 |
||
| 225 | 1 | _aСовременный молдавский рассказ | |
| 700 | 1 |
_aДюбин _bВ.В. _f1901- _gВасилий Власович |
|
| 801 | 0 |
_aRU _bNLR _gpsbo |
|
| 801 | 1 |
_aRU _bELAR _2rusmarc |
|
| 852 |
_aNLR _j71-1/295 |
||
| 942 | _cBOOK | ||
| 980 | _aNB | ||